[Event "Deltalift op"]
[Site "Tylosand"]
[Date "2012.05.17"]
[Round "2"]
[White "Aaberg, Anton"]
[Black "Olofsson Dolk, Mattis"]
[Result "0-1"]
[WhiteElo "2367"]
[BlackElo "2002"]
[PlyCount "124"]
[EventDate "2012.05.17"]
[EventType "swiss"]
[EventRounds "8"]
[EventCountry "SWE"]
[SourceTitle "CBM 148 Extra"]
[Source "ChessBase"]
[SourceDate "2012.06.22"]
[SourceVersion "1"]
[SourceVersionDate "2012.06.22"]
[SourceQuality "1"]

1. c4 Nf6 2. g3 g6 3. Bg2 d5 4. d4 Bg7 5. cxd5 Nxd5 6. e4 Nb6 7. Ne2 c5 8. d5 0-0 9. 0-0 e6 10. Nbc3 exd5 11. exd5 Nc4 12. Ne4 Na6 13. N2c3 Bf5 14. Bg5 f6 15. Bc1 Qd7 16. Qb3 Ne5 17. Qb5 Rad8 18. f4 Qxb5 19. Nxb5 Nc4 20. Nxa7 Bxe4 21. Bxe4 Nd6 22. Bg2 Ra8 23. Nc6 bxc6 24. dxc6 f5 25. Rb1 Ne4 26. Be3 Bd4 27. Rfe1 Rfe8 28. Bxd4 cxd4 29. b4 Nc3 30. b5 Rxe1+ 31. Rxe1 Nxb5 32. a4 Nbc7 33. Re7 Rd8 34. Rd7 Rb8 35. Rxd4 Rb4 36. Rd8+ Kg7 37. Bf1 Kh6 38. h3 Rb6 39. Bg2 Rb1+ 40. Kf2 Ra1 41. g4 Rxa4 42. Kg3 fxg4 43. hxg4 Rxf4 44. Kxf4 Ne6+ 45. Ke5 Nxd8 46. Kd6 Kg5 47. Bf1 Nxc6 48. Bxa6 Nd4 49. Bc8 Nc2 50. Ke5 Ne3 51. Ke4 Nxg4 52. Kf3 Ne5+ 53. Kg2 h5 54. Kh3 Kf4 55. Be6 g5 56. Bd5 Nf3 57. Bf7 g4+ 58. Kg2 h4 59. Bd5 h3+ 60. Kh1 g3 61. Bxf3 Kxf3 62. Kg1 g2 0-1

[Event "SWE-chT 1112"]
[Site "Sweden"]
[Date "2012.03.11"]
[Round "9"]
[White "Karlsson, Lars"]
[Black "Aaberg, Anton"]
[Result "1-0"]
[WhiteElo "2485"]
[BlackElo "2375"]
[PlyCount "81"]
[EventDate "2011.10.07"]
[EventType "team-tourn"]
[EventRounds "9"]
[EventCountry "SWE"]
[SourceTitle "EXT 2013"]
[Source "ChessBase"]
[SourceDate "2012.11.22"]
[SourceVersion "1"]
[SourceVersionDate "2012.11.22"]
[SourceQuality "1"]
[WhiteTeam "Umea Rockaden"]
[BlackTeam "Kamraterna"]
[WhiteTeamCountry "SWE"]
[BlackTeamCountry "SWE"]

1. g3 e5 2. c4 d6 3. Nc3 g6 4. e4 Bg7 5. Bg2 Ne7 6. Nge2 Nbc6 7. d3 Nd4 8. Nxd4 exd4 9. Ne2 c5 10. 0-0 0-0 11. a3 Bd7 12. b4 b5 13. cxb5 Bxb5 14. a4 Bd7 15. Ba3 Rc8 16. Qd2 a6 17. Rfc1 Bxa4 18. bxc5 dxc5 19. Rxc5 Rxc5 20. Bxc5 Bb5 21. Qb2 Qd7 22. Bxd4 Bxd4 23. Nxd4 Bxd3 24. Rd1 Bb5 25. Bf1 Qb7 26. e5 Rb8 27. Nxb5 axb5 28. e6 Qe4 29. exf7+ Kxf7 30. Bxb5 Qe6 31. h4 Rb6 32. Rb1 Rd6 33. Qh8 Qe4 34. Qxh7+ Ke6 35. Bc4+ Kd7 36. Bb5+ Ke6 37. Bc4+ Kd7 38. Ra1 Rd2 39. Qf7 Qd4 40. Re1 Qd6 41. Bb5+ 1-0

[Event "SWE-chT 1011"]
[Site "Sweden"]
[Date "2010.11.14"]
[Round "4"]
[White "Aaberg, Anton"]
[Black "Akesson, Joel"]
[Result "1/2-1/2"]
[WhiteElo "2395"]
[BlackElo "2301"]
[PlyCount "78"]
[EventDate "2010.10.08"]
[EventType "team-tourn"]
[EventRounds "11"]
[EventCountry "SWE"]
[SourceTitle "CBM 138 Extra"]
[Source "ChessBase"]
[SourceDate "2010.10.29"]
[SourceVersion "1"]
[SourceVersionDate "2010.10.29"]
[SourceQuality "1"]
[WhiteTeam "Kamraterna"]
[BlackTeam "Manhem"]
[WhiteTeamCountry "SWE"]
[BlackTeamCountry "SWE"]

1. e4 e6 2. d4 d5 3. e5 c5 4. c3 Qb6 5. Nf3 Nc6 6. Be2 Bd7 7. dxc5 Bxc5 8. 0-0 Qc7 9. Bf4 Nge7 10. b4 Ng6 11. Bg3 Be7 12. Na3 a6 13. Re1 Na5 14. Qc1 Nc4 15. Nxc4 dxc4 16. a4 Bc6 17. Nd4 Bd5 18. Bd1 Bh4 19. Qe3 Rd8 20. a5 0-0 21. Bc2 Qe7 22. Rad1 Qg5 23. f4 Qh6 24. Qf2 Bxg3 25. hxg3 Ne7 26. Re3 f5 27. exf6 Rxf6 28. Qe2 Nc6 29. Nxc6 bxc6 30. Re5 g6 31. Qe3 Qf8 32. Qb6 Ra8 33. Rd4 Qb8 34. Qc5 Qb5 35. Qd6 Raf8 36. Kh2 Qb8 37. Qc5 Qb5 38. Qd6 Qb8 39. Qc5 Qb5 1/2-1/2

[Event "SWE-chT 0910"]
[Site "Sweden"]
[Date "2009.11.14"]
[Round "4"]
[White "Aaberg, Anton"]
[Black "Brynell, Stellan"]
[Result "1/2-1/2"]
[WhiteElo "2386"]
[BlackElo "2472"]
[PlyCount "39"]
[EventDate "2009.10.16"]
[EventType "team"]
[EventRounds "11"]
[EventCountry "SWE"]
[SourceTitle "EXT 2011"]
[Source "ChessBase"]
[SourceDate "2010.11.26"]
[SourceVersion "1"]
[SourceVersionDate "2010.11.26"]
[SourceQuality "1"]
[WhiteTeam "Kamraterna"]
[BlackTeam "Limhamn"]
[WhiteTeamCountry "SWE"]
[BlackTeamCountry "SWE"]

1. c4 c5 2. Nf3 Nf6 3. g3 Nc6 4. Bg2 g6 5. 0-0 d6 6. d4 cxd4 7. Nxd4 Bd7 8. b3 Bg7 9. Bb2 0-0 10. Nc3 Qa5 11. e3 a6 12. Rc1 Rfc8 13. Qe2 Rab8 14. h3 Kf8 15. Rfe1 Na7 16. Nd5 Nxd5 17. cxd5 Rxc1 18. Rxc1 Rc8 19. Rxc8+ Nxc8 20. Qc2 1/2-1/2